The edge of the world
| Main Author: | |
|---|---|
| Format: | Book |
| Published: |
U.K :
Peter Haddock ,
19--?
|
| Series: | The dumpies
|
| Subjects: |
MARC
| LEADER | 00000cam a2200000 7i4500 | ||
|---|---|---|---|
| 001 | 0000001172 | ||
| 002 | 000001294 | ||
| 005 | 20000330.0 | ||
| 020 | |a 0710504934 | ||
| 090 | 0 | 0 | |a JF |b PAT |
| 100 | 1 | |a Patience, John | |
| 245 | 1 | 4 | |a The edge of the world |c John Patience |
| 260 | |a U.K : |b Peter Haddock , |c 19--? | ||
| 300 | |a p.v. : |b ill. ; |c 30cm. | ||
| 490 | 0 | |a The dumpies | |
| 650 | 0 | 0 | |a Children's stories |
| 999 | |a 032214 |b BUKU |c JUNIOR FICTION |e PERPUSTAKAAN KOMUNITI PETALING JAYA | ||
| 999 | |a 032216 |b BUKU |c PINJAMAN |e PERPUSTAKAAN KOMUNITI PETALING JAYA | ||